000 00295nam a22001337a 4500
008 170714b xxu||||| |||| 00| 0 eng d
020 _a9781582972541
041 _aeng
080 _a038
100 _a24
101 _aFJA
245 _aROGET'S SUPER THESAURUS
_cCUTCHEON,M.M
942 _2udc
_cBK
999 _c20860
_d20860